ARRUPE JESUIT UNIVERSITY

CORONAVIRUS -STOP THE SPREAD - CLEAN,DISINFECT,COVER

The need for roots : (Record no. 131535)

MARC details
000 -LEADER
fixed length control field 01049nam a2200313 a 4500
001 - CONTROL NUMBER
control field 3849420
003 - CONTROL NUMBER IDENTIFIER
control field ARRUPE
005 - DATE AND TIME OF LATEST TRANSACTION
control field 20221117142034.0
008 - FIXED-LENGTH DATA ELEMENTS--GENERAL INFORMATION
fixed length control field 871204m19871949enk 000 0 eng
010 ## - LIBRARY OF CONGRESS CONTROL NUMBER
LC control number 87208240
020 ## - INTERNATIONAL STANDARD BOOK NUMBER
International Standard Book Number 0744800587
028 ## - PUBLISHER NUMBER
Source Arrupe
040 ## - CATALOGING SOURCE
Original cataloging agency DLC
Transcribing agency DLC
Modifying agency DLC
041 1# - LANGUAGE CODE
Language code of text/sound track or separate title eng
Language code of original and/or intermediate translations of text fre
050 00 - LIBRARY OF CONGRESS CALL NUMBER
Classification number HM216
Item number .W352 1987
082 00 - DEWEY DECIMAL CLASSIFICATION NUMBER
Classification number 303.3/72
Edition number 20
300 ## - PHYSICAL DESCRIPTION
Dimensions 20 cm.
100 1# - MAIN ENTRY--PERSONAL NAME
Personal name Weil, Simone,
Dates associated with a name 1909-1943.
9 (RLIN) 2765
240 10 - UNIFORM TITLE
Uniform title <a href="Enracinement.">Enracinement.</a>
Language of a work English
245 14 - TITLE STATEMENT
Title The need for roots :
Remainder of title prelude to a declaration of duties towards mankind /
Statement of responsibility, etc Simone Weil ; preface by T.S. Eliot ; [translated from the French by A.F. Wills].
250 ## - EDITION STATEMENT
Edition statement Ark ed.
260 ## - PUBLICATION, DISTRIBUTION, ETC. (IMPRINT)
Place of publication, distribution, etc London ;
-- New York :
Name of publisher, distributor, etc Ark Paperbacks,
Date of publication, distribution, etc 1987.
300 ## - PHYSICAL DESCRIPTION
Extent xv, 288 p. ;
500 ## - GENERAL NOTE
General note Translation of: L'enracinement.
650 #0 - SUBJECT ADDED ENTRY--TOPICAL TERM
Topical term or geographic name as entry element Social ethics.
650 #0 - SUBJECT ADDED ENTRY--TOPICAL TERM
Topical term or geographic name as entry element Social psychology.
9 (RLIN) 16638
906 ## - LOCAL DATA ELEMENT F, LDF (RLIN)
a 7
b cbc
c orignew
d 2
e ncip
f 19
g y-gencatlg
942 ## - ADDED ENTRY ELEMENTS (KOHA)
Source of classification or shelving scheme Library of Congress Classification
Koha item type Monograph ( Printed materials)
Holdings
Withdrawn status Lost status Source of classification or shelving scheme Damaged status Not for loan Home library Current library Shelving location Date acquired Total Checkouts Full call number Barcode Date last seen Price effective from Koha item type
    Library of Congress Classification     ARRUPE LIBRARY ARRUPE LIBRARY Main Collection 17/11/2022   HM216 .W352 1987 46700000031 17/11/2022 17/11/2022 Monograph ( Printed materials)

 

Arrupe Library. PO Box MP320 Mt Pleasant, Harare, Zimbabwe
263 242 745411|librarian@aju.ac.zw